000 00547nam a22001577a 4500
999 _c535595
_d535595
020 _qHard Cover.
082 _a620.1
100 _aAziz, Abdullah
245 _aStudy of effect of number of baffle Plates on Heat Transfer in a Shell and Tube Heat Exchange Using CFD /
_cAbdullah Aziz.
260 _aIslamabad:
_bPNEC NUST,
_c2015.
300 _a33 p. :
_bill. ;
_c30cm.
942 _2ddc
_cTHE
650 _aMechanical Engineering MS-Thesis.
_916090
700 _aDr. Shafiq ur Rehman
_929496